| 000 | 00655nam a2200205Ia 4500 | ||
|---|---|---|---|
| 003 | GCL | ||
| 008 | 140319s9999 xx 000 0 ara d | ||
| 040 |
_aGCL / _cGCL |
||
| 082 | 0 | 4 |
_a819 _bع خ |
| 100 | 1 | _aعادل ابوالمعاطى | |
| 245 | 1 | 0 |
_aخطب امام البلغاء : الامام علىبن ابى طالب رضى الله عنه / _cعادل ابوالمعاطى |
| 700 | 1 | _aعبدالحميد كشك | |
| 260 |
_a[S.N] : _bمكتبة احباء الكتب الاسلامية |
||
| 300 | _a112 | ||
| 490 | _a | ||
| 650 | 0 | 4 | _aخطب سياسية |
| 650 | 0 | 4 | _aخطب |
| 650 | 0 | 4 | _aعلى بن ابى طالب |
| 942 |
_2ddc _cBK |
||
| 999 |
_c54163 _d54163 |
||